| 000 | 01680nam0a2200301 i 4500 | ||
|---|---|---|---|
| 001 | RU\NLR\BIBL_A\011272641 | ||
| 005 | 20240921175420.0 | ||
| 010 |
_a9785948121499 _9500 |
||
| 021 |
_aRU _b2016-84013 _95489 |
||
| 035 | _a(NLR Aleph) 011272641 | ||
| 090 |
_a10826222 _c10826222 |
||
| 100 | _a20161115d2016 u y0rusy50 ca | ||
| 101 | 0 | _arus | |
| 102 | _aRU | ||
| 105 | _ay|||j|||000zy | ||
| 200 | 1 |
_aНаследственное право _eучебное пособие _fС.С. Шевчук, О.В. Ландина _gНегос. част. образоват. учреждение высш. образования "Невинномыс. ин-т экономики, упр. и права" |
|
| 210 |
_aНевинномысск _cИзд-во Невинномысского института экономики, управления и права _d2016 |
||
| 215 |
_a228 с. _d20 |
||
| 300 | _aНа обороте тит. л. авт.: д.ю.н., проф. С.С. Шевчук, преп. О.В. Ландина | ||
| 320 | _aБиблиогр.: с. 224-228 (89 назв.) и в подстроч. примеч. | ||
| 606 | 1 |
_aНаследственное право _jУчебные издания для высших учебных заведений _yРоссийская Федерация _92123470 _3RU\NLR\AUTH\661281975 |
|
| 686 | 1 | _aХ623.8я73 | |
| 700 | 1 |
_aШевчук _bС. С. _gСветлана Степановна |
|
| 701 | 1 |
_aЛандина _bО. В. _cюрист, гражданское право _gОльга Викторовна _9156589 _3RU\NLR\AUTH\770156628 |
|
| 942 | _cBOOK | ||
| 980 | _aNBR | ||